Las Transnacionales del banano en Centroamérica

Salvato in:
Dettagli Bibliografici
Autore principale: Ellis, Frank
Natura: testo
Pubblicazione: San José: EDUCA
Tags: Aggiungi Tag
Nessun Tag, puoi essere il primo ad aggiungerne!!

MARC

LEADER 00000 a a2200000 04500
001 24262
003
040
020 |a 9977-30-011-9  
090 |a 166200  
100 |a Ellis, Frank  
245 |a Las Transnacionales del banano en Centroamérica  
260 |a San José:   |b EDUCA  
300 |a 463 p   |b **no definido**  
999 |c 10803  |d 10803